Debt draughtsmanship sans broader vision (Record no. 73694)

000 -LEADER
fixed length control field 00908pab a2200181 454500
008 - FIXED-LENGTH DATA ELEMENTS--GENERAL INFORMATION
fixed length control field 180718b2007 xxu||||| |||| 00| 0 eng d
100 ## - MAIN ENTRY--PERSONAL NAME
Personal name Nayak, Pulin B.
245 ## - TITLE STATEMENT
Title Debt draughtsmanship sans broader vision
260 ## - PUBLICATION, DISTRIBUTION, ETC.
Date of publication, distribution, etc. 2007
300 ## - PHYSICAL DESCRIPTION
Extent p.1257-259.
362 ## - DATES OF PUBLICATION AND/OR SEQUENTIAL DESIGNATION
Dates of publication and/or sequential designation 7 Apr
520 ## - SUMMARY, ETC.
Summary, etc. By not paying attention to the wish lists of business and industry groups, P. Chidambaram has done the right thing. The measures related to tax reform in Budget 2007 are the correct ones, but fiscal consolidation is being achieved by compression of capital expenditure. The recent tragedies of Nandigram and Dantewada are symptoms of a developmental process that has gone horribly wrong and there is a need for a new vision of development. Time, however, is running out. - Reproduced.
650 ## - SUBJECT ADDED ENTRY--TOPICAL TERM
Topical term or geographic name entry element Budget - India
650 ## - SUBJECT ADDED ENTRY--TOPICAL TERM
Topical term or geographic name entry element Budget
773 ## - HOST ITEM ENTRY
Main entry heading Economic and Political Weekly
908 ## - PUT COMMAND PARAMETER (RLIN)
Put command parameter N
909 ## -
-- 73694
Holdings
Withdrawn status Lost status Damaged status Not for loan Permanent Location Current Location Date acquired Serial Enumeration / chronology Barcode Date last seen Price effective from Koha item type
        Indian Institute of Public Administration Indian Institute of Public Administration 2018-07-19 Volume no: 42, Issue no: 14 AR74154 2018-07-19 2018-07-19 Articles

Powered by Koha